| Tag |
First Indicator |
Second Indicator |
Subfields |
| LEADER |
00000cam a2200000 a 4500 |
| 001 |
in00002092012 |
| 005 |
20151102153325.0 |
| 008 |
930922s1989 sp b 000 0 spa d |
| 010 |
|
|
|a 90165193
|
| 020 |
|
|
|a 8430625275
|
| 035 |
|
|
|a (OCoLC)ocm21188082
|
| 040 |
|
|
|a TxHR
|c DLC
|d TXA
|d UtOrBLW
|
| 042 |
|
|
|a lccopycat
|
| 043 |
|
|
|a e-sp---
|
| 049 |
|
|
|a TXAM
|
| 050 |
0 |
0 |
|a PC3901
|b .E87 1989
|
| 100 |
1 |
|
|a Espadaler, Anton.
|
| 245 |
1 |
0 |
|a Literatura catalana /
|c Anton Ma. Espadaler.
|
| 264 |
|
1 |
|a Madrid :
|b Taurus,
|c [1989]
|
| 264 |
|
4 |
|c ©1989
|
| 300 |
|
|
|a 250 pages ;
|c 21 cm.
|
| 336 |
|
|
|a text
|b txt
|2 rdacontent
|
| 337 |
|
|
|a unmediated
|b n
|2 rdamedia
|
| 338 |
|
|
|a volume
|b nc
|2 rdacarrier
|
| 490 |
1 |
|
|a Historia crítica de la literatura hispánica ;
|v 27
|
| 504 |
|
|
|a Includes bibliographical references (pages 227-250).
|
| 536 |
|
|
|a From the Biblioteca Asensio, April 2004.
|
| 650 |
|
0 |
|a Catalan literature
|x History and criticism.
|
| 830 |
|
0 |
|a Historia crítica de la literatura hispánica ;
|v 27.
|
| 948 |
|
|
|a cataloged
|b h
|c 2005/11/17
|d c
|e dmitchel
|f 11:00:00 am
|
| 994 |
|
|
|a C0
|b TXA
|
| 999 |
|
|
|a MARS
|
| 999 |
f |
f |
|s 360fee65-6d4a-32d7-a7d0-dd78805ba293
|i 668955b4-1fad-3624-a5a2-e1bb33fbf5bc
|t 0
|
| 952 |
f |
f |
|p ric
|a Texas A&M University
|b Rellis Campus
|c Joint Library Facility
|d Remote Storage
|t 0
|e PC3901 .E87 1989
|h Library of Congress classification
|i unmediated -- volume
|m A14833285775
|
| 998 |
f |
f |
|a PC3901 .E87 1989
|t 0
|l Remote Storage
|